Vainqueurs de la Star Academy - Statistiques

Statistiques générales
  • Ce quiz a été pris 98 fois
    44 depuis la dernière actualisation
  • Le résultat moyen est 9 sur 12
Statistiques - réponses
Année Vainqueur % Correct
2024-2025 Marine
100%
2023-2024 Pierre Garnier
100%
2004 Grégory Lemarchal
92%
2022 Anisha Jo Anyjaine
89%
2001-2002 Jenifer
89%
2002 Nolwenn Leroy
86%
2003 Elodie Frégé
78%
2005 Magalie Vaé
62%
2006 Cyril Cinélu
54%
2007-2008 Quentin Mosimann
54%
2012-2013 Laurène Bourvon
41%
2008 Mickels Réa
32%
Aucun quiz correspondant
Distribution des résultats
% des personnes avec chaque résultat
Percentile par nombre de réponses
Votre historique - résultats
Vous n’avez pas pris ce quiz depuis la dernière actualisation